00743 a2200217 450000500170000000800410001702000150005804000510007304100080012410000100013224501120014226000410025430000400029549000150033565000350035065000240038565000210040970000200043070000380045076500370048820180312141945.0131008s1991 sp a br|||| 00| 0 spa d a8426125735 aCO-BoUCMbspacJose A. GerenadDiana Londoño00aspa0 aDerib10aYakari los señores de la praderacDerib ; [ilustraciones de] Job ; traducción de Concepción Zendrera c1991bJuventudaBarcelona (España) a48 páginasbilustraciones a color aYakariv13 7aLibros ilustrados para niños 7aLiteratura infantil 7aLiteratura suiza0 aJobeilustrador1 aZendrera, Concepciónetraductor tYakari les seigneurs des plaines